Generative literature and generative art : new essays /

Bibliographic Details
Other Authors: Robbe-Grillet, Alain, 1922-2008
Format: Book
Language:English
Published: Fredericton, N.B., Canada : York Press, [1983]
Subjects:

MARC

Tag First Indicator Second Indicator Subfields
LEADER 00000cam a2200000 a 4500
001 in00000552148
005 20151014051724.0
008 830512s1983 nkc b 00000 eng
010 |a  83148134  
020 |a 0919966314 :  |c $14.50 
020 |a 0919966306 (pbk.) 
035 |a (OCoLC)09516689 
035 |9 ACJ5820AM 
039 0 |a 2  |b 3  |c 3  |d 3  |e 3 
040 |a DLC  |c DLC  |d TXA  |d UtOrBLW 
049 |a TXAM  |c [A08258167] 
050 0 0 |a PN53  |b .G4 1983 
082 0 |a 801/.9  |2 19 
245 0 0 |a Generative literature and generative art :  |b new essays /  |c by Alain Robbe-Grillet [and others]. 
264 1 |a Fredericton, N.B., Canada :  |b York Press,  |c [1983] 
264 4 |c ©1983 
300 |a 47 pages ;  |c 23 cm. 
336 |a text  |b txt  |2 rdacontent 
337 |a unmediated  |b n  |2 rdamedia 
338 |a volume  |b nc  |2 rdacarrier 
504 |a Includes bibliographical references. 
505 0 |a Parallel methods in writing and visual arts / by David Leach -- Generative systems in visual art / by Diane Kirkpatrick -- Generative techniques in Robbe-Grillet and Ricardou / by Bruce Morrissette -- The imaginary, the symbolic, and the real / by Karlis Racevskis -- Images and texts / by Alain Robbe-Grillet. 
650 0 |a Art and literature. 
700 1 |a Robbe-Grillet, Alain,  |d 1922-2008. 
740 0 |a Generative art. 
999 |a MARS 
999 f f |s 80c8bdd3-7460-3d64-9260-2214ceb0982c  |i 03c445e4-a415-3270-bd3c-9b62ccc1aa34  |t 0 
952 f f |p normal  |a Texas A&M University  |b College Station  |c Sterling C. Evans Library  |d Evans: Library Stacks  |t 0  |e PN53 .G4 1983  |h Library of Congress classification  |i unmediated -- volume  |m A14808258167 
998 f f |a PN53 .G4 1983  |t 0  |l Evans: Library Stacks